| 000 | 00000cas 2200000zi 4500 |
| 001 | 9.962437 |
| 003 | CaOODSP |
| 005 | 20260514111117 |
| 006 | m o d f |
| 007 | cr ||||||||||| |
| 008 | 260430d19691972qucar p o f0###b0fre|d |
| 040 | |aCaOODSP|bfre|erda|cCaOODSP |
| 043 | |an-cn--- |
| 086 | 1 |aRG1-3F-PDF |
| 110 | 2 |aConseil canadien de la consommation.|eauteur, |eorganisme de publication. |
| 245 | 10|a... rapport annuel / |bConseil canadien de la consommation. |
| 246 | 3 |aConseil canadien de la consommation ... rapport annuel |
| 310 | |aAnnuel |
| 336 | |atexte|btxt|2rdacontent/fre |
| 337 | |ainformatique|bc|2rdamedia/fre |
| 338 | |aressource en ligne|bcr|2rdacarrier/fre |
| 500 | |aPublié aussi en anglais sous le titre : ... annual report. |
| 500 | |aÉdition numérisée de l'imprimé [par Innovation, Sciences et Développement économique Canada]. |
| 588 | |aDescription d'après : 1969. |
| 588 | |aDernière livraison consultée : 1972. |
| 610 | 20|aConseil canadien de la consommation |vPériodiques. |
| 650 | 6|aConsommateurs|xProtection|zCanada|vPériodiques. |
| 655 | 7|aPériodiques|2rvmgf |
| 775 | 08|t... annual report / |w(CaOODSP)9.962438 |